शिवामृत/ (Record no. 211112)

MARC details
000 -LEADER
fixed length control field 00864nam a22002177a 4500
005 - DATE AND TIME OF LATEST TRANSACTION
control field 20250425120521.0
010 ## - LCCN (DPL NO)
LC control number HIN-129704
020 ## - INTERNATIONAL STANDARD BOOK NUMBER
Terms of availability 821
International Standard Book Number 9789357685535
035 ## - SYSTEM CONTROL NUMBER
System control number HN-102050
037 ## - SOURCE OF ACQUISITION
Source of stock number/acquisition DBAD
082 ## - DEWEY DECIMAL CLASSIFICATION NUMBER
Classification number 821
100 ## - MAIN ENTRY--PERSONAL NAME
Personal name बनिवाल,नीरज सिंह
245 ## - TITLE STATEMENT
Title शिवामृत/
Statement of responsibility, etc नीरज सिंह बनिवाल
250 ## - EDITION STATEMENT
Edition statement भाग-1
260 ## - PUBLICATION, DISTRIBUTION, ETC. (IMPRINT)
Place of publication, distribution, etc दिल्ली
Name of publisher, distributor, etc रेलीवेंट पब्लिकेशन
Date of publication, distribution, etc 2022
270 ## - ADDRESS
Address अ यूनिट ऑफ़ सूर्यांश प्रिंट सलूशन 2615
City दिल्ली
Postal code 110006
300 ## - PHYSICAL DESCRIPTION
Extent 130पृ.
Dimensions 22से.मी. (सजिल्द)
700 ## - ADDED ENTRY--PERSONAL NAME
Personal name बनिवाल,नीरज सिंह
9 (RLIN) 80873
760 ## - MAIN SERIES ENTRY
Edition भाग 1
942 ## - ADDED ENTRY ELEMENTS (KOHA)
Source of classification or shelving scheme Dewey Decimal Classification
Item type Hindi Books
Classification part 821
Call number suffix बैनीवा
Holdings
Withdrawn status Lost status Not for loan Collection code Home library Current library Date acquired Source of acquisition Cost, normal purchase price Full call number Barcode Copy number Cost, replacement price Koha item type
      Non-fiction Janak Puri Janak Puri 25/04/2025 DBAD 350.00 821 बैनीवा HN-102050 1 350.00 Hindi Books

© Delhi Public Library
Hit Counter
free hit counter